| 000 | 02012cam a22004934i 4500 | ||
|---|---|---|---|
| 003 | PE-LiUPU | ||
| 005 | 20250731165530.0 | ||
| 008 | 150623s r 000 0 d | ||
| 020 | _a8470500597 | ||
| 035 | _a(Sirsi) i9788470500596 | ||
| 040 |
_aPE-LiUPU _bspa _cPE-LiUPU _erda |
||
| 049 | _aPRUA | ||
| 082 | 0 | 4 |
_a270.9 _bH _221 |
| 100 | 1 |
_aHernández S. J., Angel Santos, _eautor. |
|
| 245 | 1 | 4 |
_aLas misiones católicas. _n29 / _cAngel Santos Hernández S. J. |
| 264 | 1 |
_aValencia, España : _bEdicep, _c1978. |
|
| 300 |
_a726 páginas : _bil., fotos, gráficos ; _c28 centímetros |
||
| 336 |
_atext _2rdacontent |
||
| 337 |
_aunmediated _2rdamedia |
||
| 338 |
_avolume _2rdacarrier |
||
| 490 | 0 |
_aHistoria de la iglesia ; _v29 |
|
| 505 | 0 | _aLas misiones mongólicas. -Las misiones bajo el patronato portugués. -Las misiones bajo el patronato español. - Las misiones de propaganda fide. -Las misiones modernas. -Las misiones modernas en el continente asiático. -Las misiones modernas en el continente africano. -Las misiones modernas en el continente americano. -Las misiones en el mundo oceánico. | |
| 526 | _aSEG44 | ||
| 526 | _aSEG26 | ||
| 526 | _aP151 | ||
| 526 | _aP150 | ||
| 526 | _aP149 | ||
| 526 | _aP146 | ||
| 526 | _aP145 | ||
| 526 | _aP126 | ||
| 526 | _aP125 | ||
| 526 | _aP92 | ||
| 526 | _aP75 | ||
| 526 | _aP74 | ||
| 526 | _aP27 | ||
| 526 | _aP15 | ||
| 650 | 0 | 4 |
_aIglesia _xHistoria _yMisiones católicas. |
| 942 |
_2ddc _cBOOK |
||
| 949 |
_aRC 270.9 H 29 _wDEWEY _c1 _i20674 _lCCODEBUL1 _mBUL _r0 _sY _tBOOK _u2015-6-24 _xTEOLOGIA _zUNKNOWN _0COMPRA _o.CIRCNOTE. No olvidar cambiar la fecha de devolución!!!!!!! _o.STAFF. Colección General |
||
| 994 |
_aC0 _bPEPRU |
||
| 596 | _a1 | ||
| 999 |
_aRC 270.9 H 29 _wDEWEY _c36852 _i20674 _f2021-11-8 _g6 _lCCODEBUL1 _mBUL _r1 _sY _tBOOK _u2015-6-24 _xTEOLOGIA _zUNKNOWN _0COMPRA _o.CIRCNOTE. No olvidar cambiar la fecha de devolución!!!!!!! _o.STAFF. Colección General _d36852 |
||
| 980 |
_81 _gALBERTO SANCHEZ Responsable de Automatización |
||